Eastern Utah Libraries Catalog: Duchesne, Heber, Roosevelt, & Vernal

The amazing life of Benjamin Franklin / (Record no. 12932)

MARC details
000 -LEADER
fixed length control field 01346cam a22003978a 4500
003 - CONTROL NUMBER IDENTIFIER
control field DLC
005 - DATE AND TIME OF LATEST TRANSACTION
control field 20241220110104.0
008 - FIXED-LENGTH DATA ELEMENTS--GENERAL INFORMATION
fixed length control field 980924s2000 nyu j 000 0beng
001 - CONTROL NUMBER
control field 98044738
010 ## - LIBRARY OF CONGRESS CONTROL NUMBER
LC control number 98044738
020 ## - INTERNATIONAL STANDARD BOOK NUMBER
International Standard Book Number 0590485342
035 ## - SYSTEM CONTROL NUMBER
System control number (Sirsi) i9780590485340
040 ## - CATALOGING SOURCE
Original cataloging agency DLC
Transcribing agency DLC
Modifying agency DLC
042 ## - AUTHENTICATION CODE
Authentication code lcac
043 ## - GEOGRAPHIC AREA CODE
Geographic area code n-us---
050 00 - LIBRARY OF CONGRESS CALL NUMBER
Classification number E302.6.F8
Item number G46 2000
082 00 - DEWEY DECIMAL CLASSIFICATION NUMBER
Classification number 973.3/092
Edition number 21
082 ## - DEWEY DECIMAL CLASSIFICATION NUMBER
Classification number 973.3 GIB 2001
092 ## - LOCALLY ASSIGNED DEWEY CALL NUMBER (OCLC)
Classification number 973.3 GIB 2001
100 1# - MAIN ENTRY--PERSONAL NAME
Personal name Giblin, James.
9 (RLIN) 11782
245 14 - TITLE STATEMENT
Title The amazing life of Benjamin Franklin /
Statement of responsibility, etc by James Cross Giblin ; illustrated by Micheal Dooling.
250 ## - EDITION STATEMENT
Edition statement 1st ed.
260 ## - PUBLICATION, DISTRIBUTION, ETC. (IMPRINT)
Place of publication, distribution, etc New York :
Name of publisher, distributor, etc Scholastic Press,
Date of publication, distribution, etc 2000.
263 ## - PROJECTED PUBLICATION DATE
Projected publication date 2003
300 ## - PHYSICAL DESCRIPTION
Extent 48 p. :
Other physical details col. ill. ;
Dimensions 29 cm.
520 ## - SUMMARY, ETC.
Summary, etc A biography of the eighteenth-century printer, inventor, and statesman who played an influential role in the early history of the United States.
600 10 - SUBJECT ADDED ENTRY--PERSONAL NAME
Personal name Franklin, Benjamin,
Dates associated with a name 1706-1790.
9 (RLIN) 6107852
650 #0 - SUBJECT ADDED ENTRY--TOPICAL TERM
Topical term or geographic name as entry element Statesmen
Geographic subdivision United States
Form subdivision Biography.
9 (RLIN) 5695647
650 #0 - SUBJECT ADDED ENTRY--TOPICAL TERM
Topical term or geographic name as entry element Scientists
Geographic subdivision United States
Form subdivision Biography.
9 (RLIN) 5719215
650 #0 - SUBJECT ADDED ENTRY--TOPICAL TERM
Topical term or geographic name as entry element Printers
Geographic subdivision United States
Form subdivision Biography.
9 (RLIN) 5770987
650 #0 - SUBJECT ADDED ENTRY--TOPICAL TERM
Topical term or geographic name as entry element Inventors
Geographic subdivision United States
Form subdivision Biography.
9 (RLIN) 5770986
700 1# - ADDED ENTRY--PERSONAL NAME
Personal name Dooling, Michael,
9 (RLIN) 31022
942 ## - ADDED ENTRY ELEMENTS (KOHA)
Koha item type BOOK
979 ## -
-- 314917
998 ## - LOCAL CONTROL INFORMATION (RLIN)
-- a25106
Holdings
Withdrawn status Lost status Source of classification or shelving scheme Damaged status Not for loan Collection code Home library Current library Shelving location Date acquired Cost, normal purchase price Total Checkouts Total Renewals Full call number Barcode Date last seen Date checked out Cost, replacement price Price effective from Koha item type
    Dewey Decimal Classification     Junior NonFiction Wasatch County Library Wasatch County Library Second Floor 08/31/2005 21.95 32 3 J 92 Fra 34301000487183 12/26/2025 11/19/2025 21.95 03/20/2020 BOOK
This project was made possible through a grant from the Institute of Museum and Library Service administered by the Utah State Library Division.

Wasatch County Library

  • 465 East 1200 South, Heber City, Utah 84032
  • Phone 435-654-1511 | Fax 435-654-6456

Hours

  • Monday - Friday 9:30 AM - 8:00 PM
  • Saturday 9:30 AM - 1:30 PM
  • Closed Sundays and Holidays